Legends of Tomorrow- Main Characters (Pre-Crisis) - Statistics

General Stats
  • This quiz has been taken 113 times
    48 since last reset
  • The average score is 20 of 121
Answer Stats
Hint Answer % Correct
(Earth-1) Professor of Nuclear Physics, later a member of the Legends (deceased-2017). (Earth-2) Prisoner inside Deathstorm. (deceased-2015) (Doomworld) S.T.A.R. Labs employee Prof. Martin Stein/(Soviet)Firestorm
82%
(Earth-1) Former JSA Member who uses abilities of animals. (deceased-1992) (Doomworld) Thug for that reality's mayor of Star City. (deceased-2017) Amaya Jiwe/Vixen
71%
(Earth-1) Former member of the League of Assassins and current captain of the Waverider. (deceased-2015, later revived-2016) (Doomworld) Thug for that reality's mayor of Star City. (To-Meow-Meow-1) (deceased-1969) (To-Meow-Meow-2) Part of the Sirens of Space-Time. (To-Meow-Meow-3) A puppet version of herself Cpt. Sara Lance/The Canary/White Canary
71%
(Earth-1) Can shrink to near microscopic proportions. (deceased-2019) (Abberation, deceased-1916, deceased-2019, revived-2019) (Doomworld) Janitor at S.T.A.R Labs. (To-Meow-Meow-1) Part of the Custodians of the Chronology. (deceased-2018) (To-Meow-Meow-2) (deceased-1692). (To-Meow-Meow-3) A puppet version of himself Dr. Raymond C. 'Ray' Palmer/The Atom
64%
(Earth-1) Reincarnated Khufu (deceased- (post 1831), 1925, 1975 and more, later reincarnated multiple times) (Earth-90) (deceased-unknown) Carter Hall/Hannibal Hawkes/Joseph 'Joe' Boardman/Scythian Torvil/Hawkman
61%
(Earth-1) Former captain of the Waverider, former Time Master and current head of the Time Bureau. (deceased-1992) (Abberation) (deceased-1916) (Doomworld) Trapped within a figurine scale Waverider. Cpt. Rip Hunter
61%
(Earth-1) Reincarnated Chay-Ara, formerly a member of the Legends. (deceased-1925 and more, later reincarnated multiple times) (Earth-90) (deceased-unknown) Edith Boardman/Kendra Saunders/Hawkgirl
61%
(Earth-1) Former College Football player turned mechanic, formerly a member of the Legends. (deceased-2019) (Earth-90) (deceased-unknown) (Abberation) (deceased-1916) (Doomworld) Subordiante at S.T.A.R Labs Jefferson 'Jax' Jackson/Firestorm
61%
(Earth-1) The founder of the Rogues (deceased, taken by the LOD before he joined the Legends, later returned) (Earth-2) Mayor of Central City. (deceased-2019) (Earth-53) Vigilante against the New Reichsmen. (deceased-2019) (Earth-90) (deceased-unknown) (Doomworld) Co-Owner of half of Central City. Leonard 'Leo' Snart/Captain Cold/Citizen Cold
61%
Grandaughter to JSA's Vixen and sister of the current Vixen. (deceased-2019) Kuasa Jiwe/Vixen
57%
(Earth-1) Professional Arsonist turned Temporal Bounty Hunter, turned Fire Totem bearer. (deceased-2019) (Abberation, deceased-1916) (Earth-53) (deceased-unknown) (Earth-75) Former Legend (deceased-2019) (Doomworld) Co-Owner of half of Central City (To-Meow-Meow-1) Part of the Custodians of the Chronology. (deceased-2018) (To-Meow-Meow-2) (deceased-1692). (To-Meow-Meow-3) Former Legend. Michael 'Mick' Rory/Heatwave/Chronos/Rebecca Silver
57%
(Earth-1) Historian who can turn his skin into metal. (Abberation, deceased-1916, deceased-2019, revived-2019, deceased-2019) (Doomworld) Blogger/Conspiracy Theorist who seems aware of the changes in reality. (To-Meow-Meow-1) Part of the Custodians of the Chronology. (deceased-2018) (To-Meow-Meow-2) (deceased-1692). (To-Meow-Meow-3) A puppet version of himself. (To-Meow-Meow-5) (deceased-unknown) Dr. Nathaniel 'Nate' Heywood/Steel
50%
Creepy, but charming manipulator and daughter of H.I.V.E's founder. (deceased-2019) Eleanor 'Nora' Darhk/Fairy Godmother
50%
League of Assassins, Legion of Doom and H.I.V.E member (deceased-2016, resurrected-1895, deceased-1992) Damien Darhk
46%
(Earth-38) Adoptive sister to a Kryptonian and current director of the DEO. (deceased-2019) (Elseworld-2) Subordinate of the fake "Man of Steel" Dir. Alexandra 'Alex' Danvers
46%
Soviet physicist trying to create an army of Firestorms (deceased-1986) Dr. Valentina Vostok/Soviet Firestorm
46%
Supernatural Detective. (deceased-2019) Jonathan 'John' Constantine
46%
(Earth-1) 22nd Century professor and Metahuman speedster. Member of the Legion of Doom. (Abberation, deceased-1916) (deceased-2015) (Doomworld) Head of S.T.A.R Labs Prof. Eobard Thawne/Reverse-Flash
46%
(Earth-1) Former Drag Racer turned metahuman speedster. (deceased-2019) (Flashpoint) The fastest man alive Wallace 'Wally' West/Kid Flash/The Flash
46%
(Earth-1) Former Time Bureau Agent, and current Director of the Time Bureau, actually a clone from 2213. (deceased-2019) (To-Meow-Meow-1) Depressed director of the Time Bureau. (To-Meow-Meow-2) Part of the Sirens of Space-Time. (To-Meow-Meow-4) (deceased-1995) Dir. Ava Sharp/Roundhouse
43%
"Immortal" Tyrant and current resident of Hell (deceased-1950,1975, 2021) Hath-Set/Vandal Savage/Dr. Curtis Knox/Sasha Mahnovski
43%
(Earth-1) Grey-hat hacker from 2030's, unknowingly linked to an ancient power. (deceased-2019) (To-Meow-Meow-1) A grey tabby cat. (To-Meow-Meow-3) A puppet version of herself. Zari A. 'Kahaar' Tomaz
43%
(Earth-1) Wealthy Businessman/former Ra's Al Ghul and current member of the Legion of Doom. (unknown, presumed deceased-2017) (Doomworld) Devoted father and Businessman. Arthur King/CEO Malcolm Merlyn/Dark Archer
39%
(Earth-1) Member of the JSA. (deceased-unknown) (Earth-90) (deceased-unknown) Courtney Whitmore/Stargirl/Merlin
36%
Archer of the 2040's (pre-Flashpoint) Leader of the Deathstroke Gang (post-Flashpoint). (deceased-2019) Jonathan 'John' Diggle Jr./Connor Hawke/Green Arrow/Deathstroke
36%
(Earth-1) Magical wish-bestowing being. (deceased-2019) (To-Meow-Meow-3) A former Legend's partner in crime Tabitha/The Fairy Godmother/Cpt. Cold
36%
Chicago mobster (deceased-1947) Alphonse G. 'Al' Capone
32%
Shape-shifting fugitive. (deceased-2019) Charlie
32%
The King of Rock N'Roll. (deceased-1977) Elvis A. Presley
32%
(Earth-1) The Waverider's onboard AI. (deceased-2019) (To-Meow-Meow-2) Part of the Sirens of Space-Time G.I.D.E.O.N./Hard Drive
32%
Hailed as the world's greatest physicist (deceased-1955) Dr. Albert Einstein
29%
Telepathic/Telekinetic Gorilla. (deceased-2019) Grodd
29%
(Earth-1) Time Bureau Agent. (deceased-2019) (Elseworld-2) Bartender working for that reality's criminal breacher. SA. Gareth 'Gary' Green
29%
Demon-posessed child sent to hell by a botched exorcism. (deceased-2014) Astra Logue
25%
Iconic privateer turned pirate. (deceased-1718) Cpt. Edward Teach/Blackbeard
25%
Former leader of the JSA. (deceased-1942) Rex Tyler/Hourman
25%
44th POTUS. (deceased-2019) Pres. Barack H. 'Barry' Obama
21%
(Earth-1) Air-totem wielder from the future (deceased-2042, restored-2019, deceased-2019) Behrad Tarazi
18%
(Earth-1) The Dark Knight. (deceased-2019) (Earth-38) Gotham City's Vigilante. (deceased-2019) (Earth-99) Bitter, Kryptonian hating crippled former hero (deceased-2019) Bruce Wayne
18%
Star Wars Creator and Director. (deceased-2019) Dir. George Lucas
18%
Member of the JSA (deceased-3000) Dr. Charles McNider/Dr. Mid-Nite
18%
Rules Star City in the year 2046 and takes his father's title. Grant Wilson/Deathstroke
18%
One of the Beatles (deceased-2001) George Harrison
14%
Member of the JSA (deceased-1970) Henry 'Hank' Heywood Sr./Com. Steel
14%
(Earth-1) Skilled Gunslinger and ex-Confederate Soldier with a branded face. (deceased-post 1871) Jonah Hex
14%
One of the Beatles (deceased-1980) Jonathan W. 'John' Lennon
14%
Author of Lord of the Rings (deceased-1973) Lt. Jonathan 'John' R. R. Tolkien
14%
Assistant of fugitive upkeep at the Time Bureau, now a half-Kaupe. (deceased-2019) Ramona 'Mona' Wu/Wolfie/Rebecca Silver
14%
One of the Beatles. (deceased-2019) Sir James P. 'Paul' McCartney
14%
One of the Beatles. (deceased-2019) Sir Richard Starkey/Ringo Starr
14%
A Time Assassin who hunts the team's young selves (deceased-1993) The Pilgrim
14%
Roman 'King' famous for crossing the Rubicon (deceased- 44BC) Gaius Julius Caesar of Rome
11%
(Earth-1) DOD official and father to a current Legend. (deceased-2019) (To-Meow-Meow 1) DOD Official and father to a current Custodian (To-Meow-Meow-2) Leader of the Sirens of Space-Time. (To-Meow-Meow-5) (deceased-unknown) Henry 'Hank' Heywood Jr.
11%
(Earth-1) Member of the JSA and son of Green Lantern Alan Scott. (deceased-(1991-2016)) (Earth-90) (deceased-unknown) James T. Rice/Obsidian
11%
English novelist most known for critiquing the British gentry in her six novels (deceased-1817) Janet 'Jane' Austen
11%
Demon trying to take control of hell. (deceased-2019) Neron
11%
Inaugaral POTUS (deceased-1799) Pres. George Washington
11%
37th POTUS (deceased-1994) Pres. Richard M. Nixon
11%
Son of one of Chay-Ara and Khufu's reincarnations (deceased-1986) Prof. Aldus Boardman
11%
The Face that launched a thousand ships. (deceased-unknown) Queen Helen of Laconia/Helen of Troy/Helen of Sparta
11%
Daughter of the professor and his wife, created due to his interaction with his younger self. (deceased-2019) Dr. Lillian 'Lily' Stein
7%
Oldest known European to discover North America (deceased-1020) Leif Erikson
7%
Former Camp Ogawa counselor turned swamp monster (deceased-1995) Charles 'Chad' Stephens/The Shtriga
4%
Wife of the nuclear physicist. (deceased-2019) Clarissa Stein
4%
Prolific novellist and journalist, who loved to fight (deceased-1961) Ernest M. Hemingway
4%
(Earth-1) Creation that defeats Tagumo (To-Meow-Meow-1) Part of the Custodians of the Chronology. (deceased-2018) Garima
4%
Arguably the best instrumentalist in rock history (deceased-1970) James M. 'Jimi' Hendrix
4%
One of the greatest female musicians of all time (deceased-1970) Janis L. 'Pearl' Joplin
4%
Australian actor best known for laying Denethor in LOTR. Jonathan 'John' Noble
4%
Corrupt Police officer and abusive father of a cold thief (deceased-2015) Ofc. Lewis Snart
4%
Prominent Union general and 18th POTUS (deceased-1885) Pres. Ulysses S. Grant
4%
Skilled draftsman and father of modern surrealism in art. (deceased-1989) Salvador D. F. J. Dalí i Domènech, Marquis de Púbol
4%
One of Hell's ruling triumvirate (presumed deceased-2019) Satan
4%
Famed discoverer of gravity and physicist. (deceased-1727) Sir Isaac Newton
4%
Older brother of Palmer Tech's founder. (deceased-2019) Sydney Palmer
4%
Agent responsible for cleaning Chicago of organized crime (deceased-1957) Agt. Eliot Ness
0%
Mother to Palmer Tech's founder. (deceased-2019) Alexandra 'Sandy' Palmer
0%
Pirate wielder of the Earth Totem (deceased-1717) Anne Queen
0%
Nazi Officer who uses a Super Soldier Serum. (deceased-1942) Baron Krieger
0%
Daughter of an immortal tyrant Cassandra Savage
0%
Famed director (deceased-1959) Cecil B. DeMille
0%
Infamous cult leader known for his murderous Family (deceased-2017) Charles M. Manson (né Maddox)
0%
British commander in the Revolutionary War (deceased-1805) Col. Charles Cornwallis
0%
Former host of a demon. (deceased-2019) Desmond Laveau
0%
Japanese director most well known for making Godzilla.(deceased-1993) Dir. Ishirō Honda
0%
Time Bureau Director (deceased-2018) Dir. Wilbur Bennett
0%
Wife of the DOD offical. (deceased-2019) Dorothy Heywood
0%
Inventor of cold fusion. (deceased-1962) Dr. Bernhardt Vogal
0%
(Earth-1) Wheelchair bound scientist (deceased-2000). (Earth-2) Scientist blackmailed into helping a metahuman villain. (presumed deceased-2019) (Earth-12) German Author/Scientist. (Earth-13) Wizard with a strking resemblence to Gandalf the Grey. (Earth-17) British Scientist. (Earth-19) Eccentric Inspirationalist brought to Earth-1. (deceased-2017). (Earth-22) Australian Cyborg. (Earth-24) Positive former Council of Wells Member (Earth-25) Poet. (Earth-27) (deceased-unknown) (Earth-47) Texan Billionaire, Playboy and Inventor. (Earth-unknown) Intelligent southern Cowboy. (Earth-unknown) Intelligent French Pantomime. (Earth-unknown) Indiana Jones-esque scientist. Dr. Harrison 'Harry' Wells/Harrison W. Wells/Harrison R. 'H.R.' Wells/Wells 2.0/Harrison 'Sonny' Wells/ Harrison P. 'H.P.' Wells/Harrison L. Wells/Hells Wells/Wells the Grey/Harrison 'Sherloque' Wells/Dr. Harrison 'Nash' Wells/Pariah
0%
Great-great-great-great-great Niece of the Palmer Tech founder. Dr. Rachel Turner
0%
Roman emperor regarded as being mad, and anointing his horse as a saint. (deceased-41) Emperor Caligula of Rome
0%
Sister of the first European to discover North America (deceased-unknown) Freydís Eríksdóttir
0%
Austro-Hungarian actress and inventor. (deceased-2000) Hedwig E. M. Kiesler/Hedy Lamarr
0%
(Earth-203) Daughter of her Earth's Dark Knight and Catwoman (deceased-2019) Helena Kyle/Huntress
0%
Former Blacksmith (presumed) and ancestor to Katana. (deceased-unknown) Ichiro Yamashiro
0%
Salemite accused of witchcraft. (deceased-1717) Janet 'Jane' Hawthorne
0%
Lead guitarist and vocalist of Grateful Dead (deceased-1995) Jerome J. 'Jerry' Garcia
0%
Stillborn twin brother of the King of Rock n' Roll. (deceased-1935) Jesse G. Presley
0%
Hindu god of love Kamadeva/Sunjay
0%
Arthurian King (deceased-unknown) King Arthur Pendragon of Camelot
0%
Father of the Golden Age of France (deceased-1643) King Louis XIII Bourbon of France
0%
A Kaupe turned Luchador (deceased-1961) Konane
0%
Preacher and uncle to the King of Rock n' Roll (deceased-unknown) Lucious Presley
0%
New Orleans Priestess (deceased-1881) Marie C. Laveau
0%
Daughter of a former Legend. (deceased-2019) Martina Jackson
0%
Adoptive Mother of the original captain of the Waverider. (deceased-2019) Mary Xavier
0%
Ancestor to Katana. (deceased-unknown) Masako Yamashiro
0%
19th Century politician, falsely believed to have coined the phrase "There's a sucker born every minute." (deceased-1891) Mayor Phineas T. Barnum
0%
Collaborator to, and wife of, the greatest physicist. (deceased-1948) Mileva Marić
0%
Silversmith and Patriot (deceased-1818) Paul Revere
0%
22nd Century Dictator (deceased-2152) Per Degaton
0%
36th POTUS (deceased-1973) Pres. Lyndon B. Johnson
0%
Daughter of a Salem "witch" (deceased-post 1692) Prudence Hawthorne
0%
Mother of the Golden Age of France (deceased-1666) Queen Anne Hapsburg of France
0%
Arthurian Queen (deceased-unknown) Queen Guinevere Pendragon of Camelot
0%
Outlaw who gets access to Dwarf Star Metal. (deceased-post 1871) Quentin Turnbull
0%
Reverend overseeing the Salem Witch Trials (deceased-unknown) Rev. Parsons
0%
Green Beret in Vietnam (deceased-1990) Richard 'Dick' Rory
0%
Son of an abberation. (deceased-2019) Ronald 'Ronnie' Stein
0%
A dragon hatched from an egg found in the 1930s. (deceased-2019) Wickstable
0%
Head of the Time Masters (deceased) Zaman Druce
0%
No matching quizzes found
Score Distribution
Percent of People with Each Score
Percentile by Number Answered
Your Score History
You have not taken this quiz since the last reset